000 00285nam a2200133Ia 4500
100 _aLipnitsky
942 _cBK
654 _aCast Iron
245 _aMelting of Cast Iron & Non Ferrous Alloys
260 _bPeace publishers
082 _a671.24
300 _a219
546 _aENGLISH
999 _c30308
_d30308